Vista normal
Vista MARC
Entrada Personal Name
Número de registros utilizados en: 1
001 - CONTROL NUMBER
- control field: 14031
003 - CONTROL NUMBER IDENTIFIER
- control field: OSt
005 - DATE AND TIME OF LATEST TRANSACTION
- control field: 20210226160454.0
008 - FIXED-LENGTH DATA ELEMENTS
- fixed length control field: 210226|| aca||aabn | a|a d
040 ## - CATALOGING SOURCE
- Original cataloging agency: OSt
- Transcribing agency: OSt
100 ## - HEADING--PERSONAL NAME
- Personal name: Harrison, Lisi
670 ## - SOURCE DATA FOUND
- Source citation: Work cat.: (OSt): Harrison, Lisi, autor, Monster high / , 2010